| 000 | 01077nam a22003377a 4500 | ||
|---|---|---|---|
| 001 | BR8701564 | ||
| 003 | BR-BrBNA | ||
| 005 | 20230928092428.0 | ||
| 007 | ta | ||
| 008 | 230509b bl.||||| |||| 00| 0 por d | ||
| 040 |
_aBR-BrBNA _bpor _cBiblioteca Nacional de Agricultura |
||
| 041 | _a(Por) | ||
| 072 |
_aE13; E10; E14 _b/G514 |
||
| 090 | _ E13 BR8701564 | ||
| 100 | 1 | _aCarvalho, M.J.C. | |
| 100 | 1 | _aDias, A.M.L.T. | |
| 100 | 1 | _aPinheiro, C.M.A. | |
| 100 | 1 | _aFerreira, J.M. de V. | |
| 110 | 1 |
_aComissao Estadual de Planejamento Agricola, Belem, PA (Brasil) _92044 |
|
| 245 | 1 | _aAvaliacao da politica de credito rural numa area do POLAMAZONIA: o caso do Polo Carajas [Para, Brasil] | |
| 260 | 3 |
_aBelem, PA (Brasil): _c1985. |
|
| 300 | _a121 p. | ||
| 500 | _a29 tables; Bibliography (58 ref.). (*) Documento disponível na(o) CEPA, Belem, PA (Brazil) | ||
| 650 | _aCREDITO RURAL | ||
| 650 | _aPOLITICA AGRICOLA | ||
| 650 | _aPOLITICA DE DESENVOLVIMENTO | ||
| 650 | _aCARAJAS | ||
| 650 | _aPARA | ||
| 909 |
_a202309 _bLucia _c55 _dLucia Elande |
||
| 942 | _cBK | ||
| 999 |
_c38990 _d38990 |
||